Charlotte Smith and the Sonnet : Form, Place and Tradition in the Late Eighteenth Century.

This book explores Charlotte Smith's Elegiac Sonnets and clarifies its 'place' - understood in multiple ways - in literary history. It argues that Smith's work engages more deeply with tradition than has hitherto been realised and revises our understanding not only of Smith'...

Full description

Bibliographic Details
Main Author: Roberts, Bethan.
Format: eBook
Language:English
Published: Liverpool : Liverpool University Press, 2019.
Edition:1st ed.
Series:Romantic Reconfigurations: Studies in Literature and Culture 1780-1850 Series
Subjects:
Online Access:Click to View
LEADER 02575nam a22004093i 4500
001 EBC6132344
003 MiAaPQ
005 20231204023214.0
006 m o d |
007 cr cnu||||||||
008 231204s2019 xx o ||||0 eng d
020 |a 9781789624342  |q (electronic bk.) 
020 |z 9781789620177 
035 |a (MiAaPQ)EBC6132344 
035 |a (Au-PeEL)EBL6132344 
035 |a (OCoLC)1162671630 
040 |a MiAaPQ  |b eng  |e rda  |e pn  |c MiAaPQ  |d MiAaPQ 
082 0 |a 821/.6 
100 1 |a Roberts, Bethan. 
245 1 0 |a Charlotte Smith and the Sonnet :  |b Form, Place and Tradition in the Late Eighteenth Century. 
250 |a 1st ed. 
264 1 |a Liverpool :  |b Liverpool University Press,  |c 2019. 
264 4 |c Ã2019. 
300 |a 1 online resource (192 pages) 
336 |a text  |b txt  |2 rdacontent 
337 |a computer  |b c  |2 rdamedia 
338 |a online resource  |b cr  |2 rdacarrier 
490 1 |a Romantic Reconfigurations: Studies in Literature and Culture 1780-1850 Series ;  |v v.9 
505 0 |a Cover -- Contents -- Acknowledgements -- Introduction -- 1. The Eighteenth-Century Sonnet -- 2. Tradition -- Nightingales -- Streams -- River Arun -- Other Poetic Landscapes -- 3. Innovation -- The Sea -- Breaking 'the silent Sabbath of the grave': Sonnet XLIV -- Giddy Brinks and Lucid Lines -- 4. Wider Prospect -- Wider Prospect of the Sonnet Revival -- Smith in Posterity: A Fragile Inheritance -- 5. Botany to Beachy Head -- Goddess of Botany -- Economies of Vegetation -- Gossamer -- Beachy Head -- Bibliography -- Index. 
520 |a This book explores Charlotte Smith's Elegiac Sonnets and clarifies its 'place' - understood in multiple ways - in literary history. It argues that Smith's work engages more deeply with tradition than has hitherto been realised and revises our understanding not only of Smith's career but also of the sonnet in eighteenth-century England. 
588 |a Description based on publisher supplied metadata and other sources. 
590 |a Electronic reproduction. Ann Arbor, Michigan : ProQuest Ebook Central, 2023. Available via World Wide Web. Access may be limited to ProQuest Ebook Central affiliated libraries.  
655 4 |a Electronic books. 
776 0 8 |i Print version:  |a Roberts, Bethan  |t Charlotte Smith and the Sonnet  |d Liverpool : Liverpool University Press,c2019  |z 9781789620177 
797 2 |a ProQuest (Firm) 
830 0 |a Romantic Reconfigurations: Studies in Literature and Culture 1780-1850 Series 
856 4 0 |u https://ebookcentral.proquest.com/lib/matrademy/detail.action?docID=6132344  |z Click to View